[Event "Torino op 53rd"]
[Site "Torino"]
[Date "2024.01.07"]
[Round "9"]
[White "Favaloro, Andrea"]
[Black "Cappelletto, Joshuaede"]
[Result "1/2-1/2"]
[WhiteElo "2411"]
[BlackElo "2320"]
[PlyCount "35"]
[EventDate "2024.01.02"]
[EventType "swiss"]
[EventRounds "9"]
[EventCountry "ITA"]
[SourceTitle "CB02_2024"]
[SourceDate "2024.01.10"]
[SourceVersion "1"]
[SourceVersionDate "2024.01.10"]
[SourceQuality "1"]

1. Nf3 d5 2. e3 Nf6 3. c4 e6 4. b3 g6 5. Bb2 Bg7 6. d4 0-0 7. Bd3 c5 8. dxc5 dxc4 9. Bxc4 Qxd1+ 10. Kxd1 Ne4 11. Bxg7 Kxg7 12. Ke2 Rd8 13. Rc1 Nxc5 14. Nbd2 Bd7 15. Rab1 a5 16. a3 b5 17. b4 axb4 18. axb4 1/2-1/2

[Event "ITA-ch U20 82nd"]
[Site "Brescia"]
[Date "2023.12.03"]
[Round "1"]
[White "Cappelletto, Joshuaede"]
[Black "Titze, Leo"]
[Result "1/2-1/2"]
[WhiteElo "2322"]
[BlackElo "2215"]
[PlyCount "35"]
[EventDate "2023.12.03"]
[EventType "tourn"]
[EventRounds "7"]
[EventCountry "ITA"]
[SourceTitle "CB50_2023"]
[SourceDate "2023.12.13"]
[SourceVersion "1"]
[SourceVersionDate "2023.12.13"]
[SourceQuality "1"]

1. c4 e6 2. g3 d5 3. Bg2 Nf6 4. Nf3 dxc4 5. Qc2 a6 6. a4 b6 7. Qxc4 Bb7 8. 0-0 c5 9. Nc3 Nc6 10. Rd1 Be7 11. d4 Na5 12. Qd3 cxd4 13. Nxd4 Bxg2 14. Kxg2 0-0 15. Bf4 Nd5 16. Nxd5 Qxd5+ 17. Nf3 Qxd3 18. Rxd3 1/2-1/2

[Event "Benidorm op-A"]
[Site "Benidorm"]
[Date "2023.11.03"]
[Round "7"]
[White "Cappelletto, Joshuaede"]
[Black "Balabayeva, Kseniya"]
[Result "0-1"]
[WhiteElo "2329"]
[BlackElo "2192"]
[PlyCount "60"]
[EventDate "2023.10.29"]
[EventType "swiss"]
[EventRounds "9"]
[EventCountry "ESP"]
[SourceTitle "Mega2024 Update 01"]
[Source "Chessbase"]
[SourceDate "2023.11.12"]
[SourceVersion "1"]
[SourceVersionDate "2023.11.12"]
[SourceQuality "1"]

1. e4 e6 2. d4 d5 3. Nc3 Nf6 4. e5 Nfd7 5. f4 c5 6. Nf3 Nc6 7. Be3 cxd4 8. Nxd4 Qb6 9. Qd2 Qxb2 10. Rb1 Qa3 11. Bb5 Nxd4 12. Bxd4 a6 13. Bxd7+ Bxd7 14. Rb3 Qe7 15. Rxb7 Qh4+ 16. Bf2 Qd8 17. 0-0 Rc8 18. Rb3 Qa5 19. Bb6 Bc5+ 20. Bxc5 Qxc5+ 21. Kh1 0-0 22. f5 f6 23. fxe6 fxe5 24. Re1 Bxe6 25. h3 Rf5 26. Qd3 d4 27. Ne4 Qc6 28. Ra3 Bc4 29. Qd2 Rcf8 30. Kh2 Rf4 0-1

[Event "Benidorm op-A"]
[Site "Benidorm"]
[Date "2023.11.01"]
[Round "4"]
[White "Ramoutar, Alan Safar"]
[Black "Cappelletto, Joshuaede"]
[Result "1/2-1/2"]
[WhiteElo "2330"]
[BlackElo "2329"]
[PlyCount "85"]
[EventDate "2023.10.29"]
[EventType "swiss"]
[EventRounds "9"]
[EventCountry "ESP"]
[SourceTitle "Mega2024 Update 01"]
[Source "Chessbase"]
[SourceDate "2023.11.12"]
[SourceVersion "1"]
[SourceVersionDate "2023.11.12"]
[SourceQuality "1"]

1. d4 Nf6 2. Nf3 g6 3. Nc3 Bg7 4. e4 d6 5. Be2 0-0 6. 0-0 c6 7. a4 Qc7 8. Be3 Nbd7 9. Nd2 e5 10. dxe5 Nxe5 11. h3 Re8 12. a5 d5 13. exd5 Nxd5 14. Nxd5 cxd5 15. c3 Bf5 16. Re1 Nc6 17. Bf3 d4 18. Bxc6 Qxc6 19. cxd4 Rad8 20. Rc1 Qd7 21. Nb3 b6 22. axb6 axb6 23. Qf3 Be4 24. Qg3 Bd5 25. Nd2 Qf5 26. Bg5 Rxe1+ 27. Rxe1 Rc8 28. Qe3 h5 29. Bf4 Qc2 30. b3 Qb2 31. Nf3 Qxb3 32. Qxb3 Bxb3 33. Rb1 Bd5 34. Ne5 Bxe5 35. dxe5 Rc6 36. Be3 Re6 37. Bd4 g5 38. Rxb6 Rxb6 39. Bxb6 Kg7 40. Bd8 Kg6 41. Bf6 g4 42. hxg4 hxg4 43. Kh2 1/2-1/2

[Event "Lignano Bella Italia op 2nd"]
[Site "Lignano Sabbiadoro"]
[Date "2023.08.20"]
[Round "5"]
[White "Rottenwohrer Suarez, Juan"]
[Black "Cappelletto, Joshuaede"]
[Result "1/2-1/2"]
[WhiteElo "2247"]
[BlackElo "2349"]
[PlyCount "108"]
[EventDate "2023.08.17"]
[EventType "swiss"]
[EventRounds "9"]
[EventCountry "ITA"]
[SourceTitle "EXT 2024"]
[Source "ChessBase"]
[SourceDate "2023.10.10"]
[SourceVersion "1"]
[SourceVersionDate "2023.10.10"]
[SourceQuality "1"]

1. d4 Nf6 2. c4 g6 3. g3 Bg7 4. Bg2 d5 5. cxd5 Nxd5 6. e4 Nb6 7. Ne2 c5 8. d5 0-0 9. 0-0 e6 10. Nec3 Na6 11. Bf4 Re8 12. Na3 Bd7 13. Qd2 Nb4 14. h3 Rc8 15. Rad1 exd5 16. exd5 Bf5 17. g4 Bd3 18. Rfe1 Qd7 19. d6 Ba6 20. Rxe8+ Rxe8 21. Be3 Nd3 22. Ne4 c4 23. Nc5 Nxc5 24. Bxc5 Na4 25. Bd4 Qxd6 26. Bxg7 Qxd2 27. Rxd2 Kxg7 28. Nxc4 Bxc4 29. b3 Re1+ 30. Kh2 Bf1 31. Bxf1 Rxf1 32. bxa4 Rb1 33. Kg3 Rb4 34. Rd7 g5 35. Rd5 h6 36. a5 Ra4 37. Rb5 Rxa2 38. h4 Ra3+ 39. f3 a6 40. Rxb7 Rxa5 41. Rb6 gxh4+ 42. Kxh4 Ra1 43. Kg3 a5 44. Ra6 a4 45. Kf4 a3 46. Kf5 Ra2 47. Ra8 Ra1 48. Ra6 a2 49. f4 Kg8 50. Ra8+ Kh7 51. Ra7 Kg7 52. Ra8 Kh7 53. Ra7 Kg7 54. Ra8 Kh7 1/2-1/2

[Event "Spilimbergo op 21st"]
[Site "Spilimbergo"]
[Date "2023.08.15"]
[Round "9"]
[White "Cappelletto, Joshuaede"]
[Black "Favaloro, Andrea"]
[Result "1/2-1/2"]
[WhiteElo "2349"]
[BlackElo "2412"]
[PlyCount "32"]
[EventDate "2023.08.09"]
[EventType "swiss"]
[EventRounds "9"]
[EventCountry "ITA"]
[SourceTitle "CBM 215 Extra"]
[Source "ChessBase"]
[SourceDate "2023.09.30"]
[SourceVersion "1"]
[SourceVersionDate "2023.09.30"]
[SourceQuality "1"]

1. e4 c5 2. Nf3 Nc6 3. d4 cxd4 4. Nxd4 Nf6 5. Nc3 e6 6. Nxc6 bxc6 7. e5 Nd5 8. Ne4 Qc7 9. f4 Qb6 10. c4 Bb4+ 11. Ke2 f5 12. Nf2 Ba6 13. Kf3 Ne7 14. Be3 Bc5 15. Bxc5 Qxc5 16. Qa4 Qb6 1/2-1/2

[Event "Spilimbergo op 21st"]
[Site "Spilimbergo"]
[Date "2023.08.12"]
[Round "5"]
[White "Cappelletto, Joshuaede"]
[Black "Gomez Barrera, Javiera Belen"]
[Result "1/2-1/2"]
[WhiteElo "2349"]
[BlackElo "2220"]
[PlyCount "84"]
[EventDate "2023.08.09"]
[EventType "swiss"]
[EventRounds "9"]
[EventCountry "ITA"]
[SourceTitle "CBM 215 Extra"]
[Source "ChessBase"]
[SourceDate "2023.09.30"]
[SourceVersion "1"]
[SourceVersionDate "2023.09.30"]
[SourceQuality "1"]

1. c4 Nf6 2. g3 g6 3. Bg2 Bg7 4. Nc3 0-0 5. d4 d6 6. h3 Nc6 7. Nf3 e5 8. Be3 Nd7 9. 0-0 h6 10. Qd2 Kh7 11. dxe5 Ndxe5 12. Nxe5 dxe5 13. Qxd8 Rxd8 14. Nb5 Rd7 15. Bxc6 bxc6 16. Nxa7 Bb7 17. a4 Rd4 18. Bxd4 exd4 19. Nb5 cxb5 20. cxb5 d3 21. exd3 Bxb2 22. Ra2 Bc3 23. Rc1 Ba5 24. Rac2 Bd5 25. Ra1 Bb6 26. Ra3 Ba5 27. Ra1 Rd8 28. Ra3 Kg7 29. Kf1 h5 30. Re2 Be6 31. Kg2 Bd5+ 32. Kh2 g5 33. Ra1 Be6 34. Ra3 Kf6 35. Rc2 Bd5 36. Ra1 Bf3 37. Ra3 Bd5 38. Ra1 Rd6 39. Rcc1 Bb3 40. Ra3 Bd5 41. Raa1 Be6 42. Ra3 Bd5 1/2-1/2

[Event "Titled Tuesday intern op 25th Jul Late"]
[Site "Chess.com INT"]
[Date "2023.07.25"]
[Round "4"]
[White "Cappelletto, Joshuaede"]
[Black "Garcia Correa, Jose Ricardo"]
[Result "1-0"]
[WhiteElo "2286"]
[BlackElo "2103"]
[PlyCount "67"]
[EventDate "2023.07.25"]
[EventType "swiss (blitz)"]
[EventRounds "11"]
[EventCountry "USA"]
[SourceTitle "EXT 2024"]
[Source "ChessBase"]
[SourceDate "2023.10.10"]
[SourceVersion "1"]
[SourceVersionDate "2023.10.10"]
[SourceQuality "1"]

1. c4 Nf6 2. g3 e5 3. Bg2 Bc5 4. e3 a6 5. Ne2 0-0 6. 0-0 Ba7 7. Nbc3 Nc6 8. Rb1 a5 9. a3 d6 10. b4 Bf5 11. d3 axb4 12. axb4 Qc8 13. b5 Ne7 14. Re1 Bh3 15. Bh1 Nd7 16. Bd2 f5 17. Qc2 Ng6 18. Nd5 Nc5 19. Ra1 c6 20. bxc6 bxc6 21. Nb4 f4 22. Bxc6 fxg3 23. hxg3 Qf5 24. f3 e4 25. Nd4 Qg5 26. Kh2 Qh5 27. Rh1 exd3 28. Qb2 Bd7+ 29. Kg2 Qg5 30. Bd5+ Kh8 31. Rh2 h6 32. Rah1 Ne5 33. e4 Qg6 34. Bxh6 1-0

[Event "Titled Tuesday intern op 25th Jul Late"]
[Site "Chess.com INT"]
[Date "2023.07.25"]
[Round "10"]
[White "Cappelletto, Joshuaede"]
[Black "Troff, Kayden W"]
[Result "0-1"]
[WhiteElo "2286"]
[BlackElo "2483"]
[PlyCount "90"]
[EventDate "2023.07.25"]
[EventType "swiss (blitz)"]
[EventRounds "11"]
[EventCountry "USA"]
[SourceTitle "EXT 2024"]
[Source "ChessBase"]
[SourceDate "2023.10.10"]
[SourceVersion "1"]
[SourceVersionDate "2023.10.10"]
[SourceQuality "1"]

1. e4 c5 2. Nf3 g6 3. d4 cxd4 4. Nxd4 Bg7 5. c4 Qb6 6. Nb5 a6 7. Be3 Qa5+ 8. N5c3 Nf6 9. Nd2 Nc6 10. Be2 0-0 11. 0-0 d6 12. Nd5 b5 13. Bb6 Qa4 14. b3 Qa3 15. cxb5 axb5 16. Bxb5 Nxd5 17. exd5 Ne5 18. Bd4 Qb4 19. Bc4 Ba6 20. a3 Qb7 21. a4 Rfc8 22. Bxa6 Rxa6 23. Rb1 Qxd5 24. Bxe5 Bxe5 25. Nc4 Qxd1 26. Rfxd1 Bc3 27. Rd5 Bb4 28. Rb5 Bc5 29. a5 d5 30. Nb6 Bxb6 31. axb6 e6 32. b7 Rb8 33. Rc1 Ra7 34. Kf1 Raxb7 35. Rxb7 Rxb7 36. Rc3 Kg7 37. Ke2 Kf6 38. Kd3 Ke5 39. Kc2 Kd6 40. Kb2 d4 41. Rd3 e5 42. f3 Kd5 43. Rd1 f5 44. g3 e4 45. fxe4+ fxe4 0-1

[Event "Purtichju op"]
[Site "Purtichju"]
[Date "2023.07.04"]
[Round "6"]
[White "Cappelletto, Joshuaede"]
[Black "Makkar, Rajat"]
[Result "1/2-1/2"]
[WhiteElo "2286"]
[BlackElo "2419"]
[PlyCount "112"]
[EventDate "2023.07.01"]
[EventType "swiss"]
[EventRounds "9"]
[EventCountry "FRA"]
[SourceTitle "CBM 215 Extra"]
[Source "ChessBase"]
[SourceDate "2023.09.30"]
[SourceVersion "1"]
[SourceVersionDate "2023.09.30"]
[SourceQuality "1"]

1. e4 e5 2. Bc4 Nf6 3. d3 Nc6 4. Nc3 Na5 5. Bb3 Nxb3 6. axb3 Bb4 7. Nf3 d5 8. exd5 Nxd5 9. Bd2 0-0 10. 0-0 Nxc3 11. bxc3 Bd6 12. Re1 Re8 13. h3 h6 14. c4 Bd7 15. b4 b6 16. Bc3 Qf6 17. Nd2 Bc6 18. Qg4 Qe6 19. Qxe6 Rxe6 20. f3 a6 21. Nb3 Rg6 22. Kf1 f6 23. Ra2 Bb7 24. Bd2 Re8 25. c5 Bf8 26. Bc3 Kf7 27. b5 a5 28. c6 Bc8 29. Nd2 Be6 30. Ra4 Rd8 31. Nc4 Bxc4 32. Rxc4 Rd5 33. Rb1 Bd6 34. Bxa5 bxa5 35. b6 cxb6 36. Rxb6 Kg8 37. Rb7 f5 38. Rd7 Rd4 39. c3 Rxc4 40. dxc4 Kh7 41. c7 Bxc7 42. Rxc7 Ra6 43. Re7 a4 44. Rxe5 a3 45. Re1 Rb6 46. Ra1 Rb3 47. c5 Rxc3 48. c6 Kg6 49. c7 Kg5 50. Rxa3 Rxc7 51. g3 Rc2 52. Ra5 Kf6 53. Kg1 Rc3 54. Kf2 Rc2+ 55. Kg1 Rc3 56. Kf2 Rc2+ 1/2-1/2

[Event "Purtichju op"]
[Site "Purtichju"]
[Date "2023.07.02"]
[Round "2"]
[White "Nevednichy, Vladislav"]
[Black "Cappelletto, Joshuaede"]
[Result "1/2-1/2"]
[WhiteElo "2453"]
[BlackElo "2286"]
[PlyCount "80"]
[EventDate "2023.07.01"]
[EventType "swiss"]
[EventRounds "9"]
[EventCountry "FRA"]
[SourceTitle "CBM 215 Extra"]
[Source "ChessBase"]
[SourceDate "2023.09.30"]
[SourceVersion "1"]
[SourceVersionDate "2023.09.30"]
[SourceQuality "1"]

1. e4 c5 2. Nf3 d6 3. d4 cxd4 4. Nxd4 Nf6 5. Nc3 a6 6. h3 e5 7. Nde2 h5 8. g3 Be7 9. Bg2 b5 10. 0-0 Nbd7 11. a4 b4 12. Nd5 Nxd5 13. exd5 0-0 14. a5 Rb8 15. Bd2 Nc5 16. Nc1 Bf5 17. Be3 Rb5 18. Nb3 Ne4 19. Qxh5 Qc8 20. Qe2 Nf6 21. g4 Qxc2 22. Qxc2 Bxc2 23. Nd2 Nxd5 24. Nc4 Bd3 25. Rfc1 Rc8 26. Bxd5 Rxd5 27. Nb6 Rxc1+ 28. Rxc1 Rxa5 29. Rc7 Bh4 30. Rc8+ Kh7 31. Nd7 Kg6 32. Nf8+ Kf6 33. Bb6 Ra1+ 34. Kg2 g5 35. Bd8+ Kg7 36. Nd7 Rf1 37. Bf6+ Kg6 38. Rg8+ Kh7 39. Rh8+ Kg6 40. Rg8+ Kh7 1/2-1/2

[Event "Alicante Easter op 7th"]
[Site "La Nucia"]
[Date "2023.04.07"]
[Round "5"]
[White "Arizmendi Martinez, Julen Luis"]
[Black "Cappelletto, Joshuaede"]
[Result "1/2-1/2"]
[WhiteElo "2494"]
[BlackElo "2266"]
[PlyCount "76"]
[EventDate "2023.04.05"]
[EventType "swiss"]
[EventRounds "9"]
[EventCountry "ESP"]
[SourceTitle "CBM 213 Extra"]
[Source "ChessBase"]
[SourceDate "2023.05.31"]
[SourceVersion "1"]
[SourceVersionDate "2023.05.31"]
[SourceQuality "1"]

1. Nf3 c5 2. e3 g6 3. d4 Bg7 4. d5 Nf6 5. Nc3 0-0 6. Bc4 d6 7. h3 e5 8. dxe6 Bxe6 9. Bxe6 fxe6 10. e4 d5 11. Ng5 Qe7 12. 0-0 d4 13. Ne2 Nc6 14. e5 Nxe5 15. Nf4 Nd5 16. Ngxe6 Nxf4 17. Nxf4 Rae8 18. b3 Qd6 19. Nd3 Nc6 20. Re1 Qd5 21. Ba3 b6 22. Qd2 Ne5 23. Re2 Nxd3 24. cxd3 Bh6 25. Qc2 Re5 26. Rae1 Rfe8 27. b4 Bf8 28. bxc5 bxc5 29. Rxe5 Rxe5 30. Rxe5 Qxe5 31. Qc4+ Kg7 32. g3 Bd6 33. Kg2 g5 34. Bc1 h5 35. Qb5 Qd5+ 36. Kg1 Qe6 37. Bxg5 Bxg3 38. fxg3 Qe1+ 1/2-1/2

[Event "Titled Tuesday intern op 03rd Jan Early"]
[Site "Chess.com INT"]
[Date "2023.01.03"]
[Round "4"]
[White "Batsiashvili, Nino"]
[Black "Cappelletto, Joshuaede"]
[Result "1-0"]
[WhiteElo "2493"]
[BlackElo "2263"]
[PlyCount "79"]
[EventDate "2023.01.03"]
[EventType "swiss (blitz)"]
[EventRounds "11"]
[EventCountry "USA"]
[SourceTitle "EXT 2024"]
[Source "ChessBase"]
[SourceDate "2023.10.10"]
[SourceVersion "1"]
[SourceVersionDate "2023.10.10"]
[SourceQuality "1"]

1. d4 e6 2. c4 b6 3. Nf3 Bb7 4. a3 f5 5. Nc3 Nf6 6. Bf4 Be7 7. e3 0-0 8. Bd3 d6 9. 0-0 Nh5 10. h3 Nxf4 11. exf4 Bf6 12. Re1 Qd7 13. Ng5 Bxg5 14. fxg5 Nc6 15. d5 exd5 16. cxd5 Ne5 17. Bb5 Qf7 18. f4 Ng6 19. Qf3 a6 20. Bc4 Rae8 21. Re6 Re7 22. Rae1 Rfe8 23. Qe3 Bc8 24. a4 Bxe6 25. dxe6 Qf8 26. Nd5 a5 27. g3 Kh8 28. Nxe7 Nxe7 29. h4 Rd8 30. h5 Qe8 31. Be2 Qxa4 32. h6 Qb4 33. Rc1 Qxb2 34. hxg7+ Qxg7 35. Rxc7 Nd5 36. Rxg7 Nxe3 37. Rd7 Re8 38. e7 Nd5 39. Rd8 Nc7 40. Bh5 1-0

[Event "Titled Tuesday intern op 03rd Jan Early"]
[Site "Chess.com INT"]
[Date "2023.01.03"]
[Round "1"]
[White "Cappelletto, Joshuaede"]
[Black "Cardozo Munar, Carlos Eduardo"]
[Result "1-0"]
[WhiteElo "2263"]
[BlackElo "2043"]
[PlyCount "99"]
[EventDate "2023.01.03"]
[EventType "swiss (blitz)"]
[EventRounds "11"]
[EventCountry "USA"]
[SourceTitle "EXT 2024"]
[Source "ChessBase"]
[SourceDate "2023.10.10"]
[SourceVersion "1"]
[SourceVersionDate "2023.10.10"]
[SourceQuality "1"]

1. c4 Nf6 2. Nc3 g6 3. e4 d6 4. d4 Bg7 5. f3 0-0 6. Be3 Nbd7 7. Qd2 a6 8. Nge2 b5 9. cxb5 axb5 10. Nxb5 c5 11. Nbc3 cxd4 12. Nxd4 Ne5 13. Be2 Ba6 14. 0-0 Nc4 15. Bxc4 Bxc4 16. Rfc1 Nd7 17. b3 Ba6 18. Rc2 Ne5 19. Nd5 e6 20. Nb4 Bb7 21. Rac1 Qa5 22. a4 Rfc8 23. Rxc8+ Rxc8 24. Rxc8+ Bxc8 25. Nbc6 Qc7 26. Nxe5 Bxe5 27. Nb5 Qb8 28. f4 Bg7 29. Qxd6 Qxd6 30. Nxd6 Bd7 31. e5 Bf8 32. Bc5 f6 33. Ne4 Bxc5+ 34. Nxc5 Bc8 35. b4 fxe5 36. b5 Kf7 37. b6 exf4 38. a5 Ke7 39. a6 Kd6 40. b7 Bxb7 41. axb7 Kc7 42. Kf2 e5 43. Kf3 g5 44. h3 h5 45. Ne6+ Kxb7 46. Nxg5 Kc6 47. Ke4 Kd6 48. Nf3 Ke6 49. Nxe5 f3 50. Nxf3 1-0

[Event "Santa Maria di Sala op-A 29th"]
[Site "Santa Maria di Sala"]
[Date "2022.12.10"]
[Round "3"]
[White "Cappelletto, Joshuaede"]
[Black "Lin, Boyuan"]
[Result "1-0"]
[WhiteElo "2263"]
[BlackElo "1886"]
[PlyCount "55"]
[EventDate "2022.12.09"]
[EventType "swiss"]
[EventRounds "5"]
[EventCountry "ITA"]
[SourceTitle "EXT 2024"]
[Source "ChessBase"]
[SourceDate "2023.10.10"]
[SourceVersion "1"]
[SourceVersionDate "2023.10.10"]
[SourceQuality "1"]

1. e4 c6 2. d4 d5 3. e5 Bf5 4. h4 h6 5. g4 Bh7 6. e6 Qd6 7. exf7+ Kxf7 8. Nc3 Nf6 9. Be3 Nbd7 10. Bh3 e6 11. Qe2 Re8 12. 0-0-0 Ke7 13. Nf3 Kd8 14. Ne5 Qe7 15. Bf4 Rg8 16. g5 Ne4 17. g6 Qxh4 18. Nxe4 Qxf4+ 19. Qd2 Qxd2+ 20. Nxd2 Bxg6 21. Nxg6 Bd6 22. Rde1 Nf8 23. Rhg1 Nxg6 24. Rxg6 Rgf8 25. f3 Bf4 26. Rxg7 Bxd2+ 27. Kxd2 Rxf3 28. Bxe6 1-0

[Event "Titled Tuesday intern op 29th Nov Late"]
[Site "Chess.com INT"]
[Date "2022.11.29"]
[Round "9"]
[White "Cappelletto, Joshuaede"]
[Black "D'Arruda, Ricardo D"]
[Result "1-0"]
[WhiteElo "2265"]
[BlackElo "2271"]
[PlyCount "105"]
[EventDate "2022.11.29"]
[EventType "swiss (blitz)"]
[EventRounds "11"]
[EventCountry "USA"]
[SourceTitle "EXT 2024"]
[Source "ChessBase"]
[SourceDate "2023.10.10"]
[SourceVersion "1"]
[SourceVersionDate "2023.10.10"]
[SourceQuality "1"]

1. c4 Nf6 2. Nc3 e5 3. g3 Nc6 4. Bg2 Be7 5. Nf3 d6 6. 0-0 0-0 7. d4 exd4 8. Nxd4 Bd7 9. Nc2 Re8 10. b3 a6 11. Bb2 Rb8 12. Qd2 b5 13. cxb5 axb5 14. Ne3 Ne5 15. Ncd5 Nxd5 16. Nxd5 Bf8 17. f4 Ng4 18. h3 c6 19. hxg4 cxd5 20. g5 Bg4 21. Bf3 Bxf3 22. Rxf3 Qb6+ 23. Bd4 Qb7 24. e3 Rec8 25. Rf2 g6 26. Rh2 Bg7 27. Rd1 Bxd4 28. Qxd4 Qb6 29. Qxb6 Rxb6 30. Rxd5 Rc1+ 31. Kg2 Rc2+ 32. Kh3 Rxh2+ 33. Kxh2 b4 34. Kg2 Kf8 35. Kf3 Ke7 36. Ra5 Ke6 37. Ke4 Rc6 38. Rb5 Ra6 39. Rxb4 Rxa2 40. g4 d5+ 41. Kf3 Rc2 42. Rb6+ Ke7 43. b4 Rc3 44. Ke2 Rb3 45. f5 Kd7 46. Rb7+ Ke8 47. Rb5 Rb2+ 48. Kf3 Rd2 49. Kf4 Rd3 50. Rb7 d4 51. e4 Rd1 52. Ke5 d3 53. Kd6 1-0

[Event "Titled Tuesday intern op 29th Nov Early"]
[Site "Chess.com INT"]
[Date "2022.11.29"]
[Round "8"]
[White "Cappelletto, Joshuaede"]
[Black "Pakleza, Zbigniew"]
[Result "0-1"]
[WhiteElo "2265"]
[BlackElo "2496"]
[PlyCount "70"]
[EventDate "2022.11.29"]
[EventType "swiss (blitz)"]
[EventRounds "11"]
[EventCountry "USA"]
[SourceTitle "EXT 2024"]
[Source "ChessBase"]
[SourceDate "2023.10.10"]
[SourceVersion "1"]
[SourceVersionDate "2023.10.10"]
[SourceQuality "1"]

1. c4 c6 2. d4 d5 3. Nf3 Nf6 4. Nc3 Qb6 5. cxd5 cxd5 6. a3 Nc6 7. Bg5 Qxb2 8. Na4 Qb5 9. e4 Qa5+ 10. Bd2 Qd8 11. e5 Ne4 12. Bd3 Bg4 13. 0-0 Bxf3 14. gxf3 Nxd2 15. Qxd2 e6 16. Rab1 Be7 17. Kh1 Nxd4 18. Qf4 Nc6 19. Rg1 g6 20. Rxb7 Rb8 21. Bb5 Rxb7 22. Bxc6+ Rd7 23. Qh6 Qc7 24. Rc1 Qxe5 25. Qd2 Bd6 26. Kg2 Ke7 27. Bxd7 Kxd7 28. Rc2 Qxh2+ 29. Kf1 Qf4 30. Qa5 Ke7 31. Qxa7+ Kf6 32. Qb6 Qxa4 33. Rc6 Be5 34. Rc1 Ra8 35. Qb7 Qa6+ 0-1

[Event "Titled Tuesday intern op 29th Nov Late"]
[Site "Chess.com INT"]
[Date "2022.11.29"]
[Round "8"]
[White "Mickiewicz, Piotr"]
[Black "Cappelletto, Joshuaede"]
[Result "0-1"]
[WhiteElo "2272"]
[BlackElo "2265"]
[PlyCount "126"]
[EventDate "2022.11.29"]
[EventType "swiss (blitz)"]
[EventRounds "11"]
[EventCountry "USA"]
[SourceTitle "EXT 2024"]
[Source "ChessBase"]
[SourceDate "2023.10.10"]
[SourceVersion "1"]
[SourceVersionDate "2023.10.10"]
[SourceQuality "1"]

1. Nf3 Nf6 2. c4 e6 3. g3 d5 4. Bg2 dxc4 5. Qa4+ Nbd7 6. 0-0 a6 7. Qxc4 b5 8. Qc2 Bb7 9. d3 c5 10. a4 Be7 11. Nc3 b4 12. Ne4 0-0 13. Rd1 Nxe4 14. dxe4 Qc8 15. Nd2 Qc7 16. b3 a5 17. Bb2 Nb6 18. e5 Bxg2 19. Kxg2 Rac8 20. Nc4 Nxc4 21. Qxc4 h6 22. h4 Rfd8 23. f3 Qc6 24. e4 Rc7 25. Rxd8+ Bxd8 26. Rd1 Be7 27. Kf2 Rd7 28. Rxd7 Qxd7 29. Ke2 Kh7 30. Bc1 Qd8 31. Be3 Qc7 32. f4 Qc6 33. h5 Qc7 34. Kd2 Qc6 35. Kc2 Qc7 36. Qb5 Bf8 37. Kd3 Qd8+ 38. Ke2 Qc7 39. Qe8 Kg8 40. Qb5 Kh7 41. Qd3 Qc6 42. Kf3 Kg8 43. Bf2 c4 44. Qxc4 Qxc4 45. bxc4 b3 46. Bd4 Ba3 47. c5 Kf8 48. c6 Ke8 49. g4 b2 50. Bxb2 Bxb2 51. Ke2 Kd8 52. Kd3 Kc7 53. Kc2 Bd4 54. Kd3 Ba1 55. Kc4 Kxc6 56. g5 hxg5 57. fxg5 Bxe5 58. h6 gxh6 59. gxh6 f5 60. exf5 exf5 61. h7 Bh8 62. Kd3 Kc5 63. Ke3 Be5 0-1